Апелляция и кассация (Запис № 355882)

МАРК-запис
000 -Лідер
fixed length control field 02952nam a22003017a 4500
003 - Ідентифікатор контрольного номера
control field UA-OsUOA
001 - Контрольний номер
control field 69613
007 - Фіксоване поле фізичного опису
fixed length control field ta
008 - Елементи даних фіксованої довжини – загальна інформація
fixed length control field 20100701b un ||||| |||| 00| 0 ukr d
090 ## - Локальний шифр розміщення
Класифікаційний індекс УДК 343.155.(470+571)
Авторський знак (НП) Ч-45
040 ## - Джерело каталогізації
Агенція оригінальної каталогізації UA-OsUOA
Мова каталогізації rus
Агенція, яка здійснювала перезапис UA-OsUOA
Агенція, яка здійснювала модифікацію UA-OsUOA
041 ## - Код мови
Код мови тексту/ звукової доріжки чи окремого заголовка (П) rus
080 ## - Індекс Універсальної десяткової класифікації
Індекс Універсальної десяткової класифікації (УДК) (НП) 343.155.(470+571)
020 ## - Міжнародний стандартний книжковий номер (ISBN)
Міжнародний стандартний книжковий номер (ISBN) (НП) 978-5-392-00882-7
100 ## - Основне введення – ім’я особи
Ім’я особи (НП) Червоткин А. С.
245 ## - Відомості про назву
Назва (НП) Апелляция и кассация
Решта назви (НП) пособие для судей
260 ## - Публікація, розповсюдження і т.п. (Вихідні дані)
Місце публікації, розповсюдження і т.п. (П) М.
Ім’я/ наймення видавництва, розповсюджувача і т.п. (П) Проспект
Дата публікації, розповсюдження і т.п. (П) 2010
300 ## - Фізичний опис
Обсяг 336 с.
520 3# - Резюме і т.п.
Резюме, реферат, анотація, тощо (НП) Настоящая книга подготовлена на основе новейшей судебной практики Верховного Суда РФ с учетом последних изменений законодательства, постановлений и опредилений Конституционного Суда РФ, решений Европейского суда по правам человека, руководящих постано
520 3# - Резюме і т.п.
Резюме, реферат, анотація, тощо (НП) влений Пленума Верховного Суда РФ. В ней в систематизированном виде рассматриваются теоретические и практические вопросы решения уголовных дел судами апелляционной и кассационной инкасаций, даются рекомендации по составлению текстов судебних документо
520 3# - Резюме і т.п.
Резюме, реферат, анотація, тощо (НП) в.Для судей, их помошников, консультантов, других работников судебной системы, адвокатов, сотрудников органов следствия и прокуратури, а также студентов, аспирантов, преподавателей и научных работников. Книга может быть использована в учебном процес
520 3# - Резюме і т.п.
Резюме, реферат, анотація, тощо (НП) се юридических вузов, факультетов и отделений.ОглавлениеГлава 1. Сущность и предмет производства в суде второй инкасакции.Глава 2. Апелляционное и кассационное обжалование судебных решений.Глава 3. Кассационный порядок рассмотрение уголовных д
520 3# - Резюме і т.п.
Резюме, реферат, анотація, тощо (НП) ел. Глава 4. Особенности апелляционного рассмотрения уголовных дел.Глава 5. Основания отмены или изменемнмя судебного решения в апелляционном и кассационном порядке.Приложения.
650 #7 - Додаткове предметне введення – тематичний термін
Тематичний термін чи географічна назва, як елемент введення (НП) 343 Кримінальне право. Карні порушення
Джерело заголовка чи терміна UDC
942 ## - Додаткові елементи входу (Коха)
Тип елемента Koha Книги
955 ## - Код типу видання за змістом
Код типу видання за змістом (НП) Навчальні видання
Фонди
Стан вилучень Стан втрат Джерело класифікації або схеми стелажів Стан уражень Не для кредиту Постійне місце розташування Поточне розміщення Дата придбання Джерело придбання Вартість, звичайна ціна покупки Інвентарний номер Усього замовленно Повний номер виклику Штрих-код Дата останнього перегляду Ціна ефективна від Тип елемента Koha
    Universal Decimal Classification     ЧЗ - Читальна зала ЧЗ - Читальна зала 01/07/2010 60/2010 82.25 128340   343.155.(470+571) Ч-45 128340 07/02/2022 01/07/2010 Книги